000 004200000a22001690004500
003 MACL
005 20160107175458.0
008 160107b xxu||||| |||| 00| 0 eng d
040 _aMACL
_cMACL
041 _aEnglish
082 _a824/MAU
100 _aMaugham, W Somerset
_928352
245 _aThe Vagrant Mood
260 _bWilliam Heinemann LTD
_c1952
_aLondon
650 _aEssays
_929460
942 _cBK
_k824/Mau
_2ddc
999 _c35042
_d35042